Capitals Closest to Country Borders - Statistics

General Stats
  • This quiz has been taken 82 times
  • The average score is 12 of 25
Answer Stats
Km to Closest Border Capital % Correct
0 Vatican City
94%
0 Monaco
91%
2 San Marino
91%
0 Vaduz
83%
7 Luxembourg
77%
4 Andorra la Vella
74%
1 Kinshasa
74%
1 Bratislava
71%
1 Brazzaville
71%
0 Rome
52%
14 Djibouti
38%
3 Bandar Seri Begawan
36%
0.4 Bangui
33%
0 Lomé
33%
7 Podgorica
33%
5 Tashkent
32%
0.2 Vientiane
32%
0.5 Asuncion
30%
14 Bishkek
30%
9 Skopje
30%
8 Porto-Novo
29%
14 Ashgabat
26%
12 Zagreb
26%
0.1 N'djamena
22%
5 Gaborone
17%
No matching quizzes found
Score Distribution
Percent of People with Each Score
Percentile by Number Answered
Your Score History
You have not taken this quiz